Hotel TULA, Banská Bystrica. Monolitická železobetónová doskostenová konštrukcia na skeletovej podnoži so stužujúcim jadrom

Enregistré dans:
Détails bibliographiques
Auteur principal: Ladiver, Matej, 1988- (Auteur)
Autres auteurs: Harvan, Ivan, 1944- (Directeur de thèse)
Format: Manuscrit Livre
Langue:slovaque
Publié: Bratislava : STU v Bratislave SvF, 2012
Sujets:
Accès en ligne:VAIS
Tags: Ajouter un tag
Pas de tags, Soyez le premier à ajouter un tag!

MARC

LEADER 00000ntm a22000003a 4500
001 stu251722
005 20150617230225.1
008 120720s2012----xo------------------slo-d
040 |a STU  |b slo 
041 0 |a slo 
044 |a xo 
100 1 |a Ladiver, Matej,  |d 1988-  |4 aut  |u V180  |U SvF Stavebná fakulta  |T SvF Katedra konštrukcií pozemných stavieb  |X 39163  |U V180  |Y 18  |7 A000039163 
242 0 0 |a Hotel TULA, Banská Bystrica Monolitic wall-slab reinforced construction on skeletal substructure with solid core  |y eng 
245 1 |a Hotel TULA, Banská Bystrica. Monolitická železobetónová doskostenová konštrukcia na skeletovej podnoži so stužujúcim jadrom 
260 |a Bratislava :  |b STU v Bratislave SvF,  |c 2012 
650 7 |a hotel  |2 stusub 
650 7 |a dynamická analýza  |2 stusub 
650 7 |a statická analýza  |2 stusub 
700 1 |a Harvan, Ivan,  |d 1944-  |4 ths  |u V110  |U SvF Stavebná fakulta  |T SvF Katedra betónových konštrukcií a mostov  |X 890  |U V110  |Y 11  |7 A000000890 
856 4 |a info a plný text  |u http://is.stuba.sk/zp/portal_zp.pl?podrobnosti=94056  |3 VAIS